Statistics for Shetland Islands

Click here to take the quiz!

General Stats

  • This quiz has been taken 36 times
  • The average score is 15 of 35

Answer Stats

Answers % Correct
{Fair} Isle
94%
Mainland
94%
Unst
94%
Yell
88%
Papa {Stour}
76%
Bressay
71%
Whalsay
65%
Foula
65%
Fetlar
53%
West {Burra}
47%
East {Burra}
47%
Trondra
47%
Noss
47%
Mousa
47%
Papa
41%
Muckle Roe
41%
{Linga}, Bluemull Sound
35%
{Uyea}, Northmavine
35%
{Linga}, {Muckle} {Roe}
35%
West {Linga}
35%
Papa {Little}
35%
Vementry
35%
{Uyea}, {Unst}
35%
Bruray
29%
Samphrey
29%
{Brother} Isle
24%
Vaila
24%
Hildasay
24%
Hascosay
24%
Bigga
24%
South {Havra}
24%
Oxna
24%
Balta
24%
Housay
18%
Lamba
18%

Score Distribution

Percentile by Number Answered

Percent of People with Each Score

Your Score History

You have not taken this quiz